| 000 | 00434nam a2200097Ia 4500 | ||
|---|---|---|---|
| 008 | 180130s9999 xx 000 0 und d | ||
| 245 |
_cJones, Robert S.P.; Dowey, Alan _aBehavioral approaches to working with mental health problems |
||
| 260 | _c2013 | ||
| 300 | _aBook title: Psychological therapies for adults with intellectual disabilities--Acession number C20702; pages 223-236 | ||
| 650 | _aPEOPLE WITH MENTAL DISABILITIES--PSYCHOLOGY | ||
| 999 |
_c353902 _d353902 |
||